[Event "Summer Server Series, S91127"]
[Site "CCLA"]
[Date "2019.08.24"]
[Round "?"]
[White "Ritzmann, Andrew M."]
[Black "Mocarski, Paul J."]
[Result "0-1"]
[WhiteElo "1334"]
[BlackElo "1477"]

1. d4 Nf6 2. c4 g6 3. Nc3 Bg7 4. Nf3 d6 5. Bg5 Nbd7 6. e4 O-O 7. Bd3 Re8 
8. O-O e5 9. d5 h6 10. Be3 c6 11. b4 a6 12. a4 cxd5 13. cxd5 b6 14. b5 Bb7
15. bxa6 Bxa6 16. Bxa6 Rxa6 17. Nb5 Nc5 18. Bxc5 bxc5 19. h3 Nxe4 20. Re1 
Nxf2 21. Kxf2 e4 22. Ra3 exf3 23. Rxf3 Qh4+ 24. g3 Rxe1 25. Qxe1 Qxa4 26. 
Qe8+ Kh7 27. Rxf7 Qa2+ 28. Kf3 Qxd5+ 29. Qe4 Qxf7+ 30. Ke3 Qb3+ 31. Qd3 
Bd4+ 32. Nxd4 cxd4+ 33. Kxd4 Ra4+ 34. Ke3 Qe6+ 35. Kd2 Ra2+ 36. Kc1 Qe1+ 
0-1

[Event "Summer Server Series, S91128"]
[Site "CCLA"]
[Date "2019.08.24"]
[Round "?"]
[White "Williams, Rufus H."]
[Black "Czeizinger, Thomas"]
[Result "1-0"]
[WhiteElo "1296"]
[BlackElo "1193"]

1. d4 Nf6 2. c4 e6 3. Nf3 b6 4. Nbd2 Bb4 5. a3 Bd6 6. e4 c5 7. e5 Be7 8. 
exf6 Bxf6 9. dxc5 d6 10. cxd6 Qxd6 11. Be2 Bb7 12. O-O Be7 13. b3 O-O 14. 
Qc2 Bf6 15. Rb1 Nd7 16. Bb2 Rad8 17. Bxf6 Nxf6 18. h3 e5 19. b4 Rfe8 20. 
Rbd1 e4 21. Nh2 e3 22. Ndf3 Qf4 23. Rxd8 Rxd8 24. Qc1 exf2+ 25. Kh1 Qxc1 
26. Rxc1 Ne4 27. Nf1 f5 28. h4 g6 29. Kh2 Nc3 30. Rxc3 Be4 31. Kg3 h6 32. 
Kxf2 Kg7 33. N3d2 Rd4 34. Bf3 g5 35. Bxe4 fxe4 36. hxg5 1-0

[Event "Summer Server Series, S91128"]
[Site "CCLA"]
[Date "2019.08.24"]
[Round "?"]
[White "Williams, Rufus H."]
[Black "Selby, Robin"]
[Result "1-0"]
[WhiteElo "1296"]
[BlackElo "1125"]

1. e4 e5 2. Nf3 Nc6 3. Bb5 a6 4. Ba4 b5 5. Bb3 Be7 6. c3 Nf6 7. d4 d6 8. 
h3 O-O 9. O-O Bb7 10. Re1 Nxe4 11. Rxe4 d5 12. Rg4 Bc8 13. Rg3 e4 14. Ne5 
Nxe5 15. dxe5 c6 16. Bh6 g6 17. a3 Re8 18. Qd4 c5 19. Qe3 Bh4 20. Bg5 Bxg5
21. Rxg5 Qc7 22. Bxd5 Bf5 23. Bxa8 Rxa8 24. Qf4 Be6 25. Nd2 Rf8 26. Nxe4 
h6 27. Nf6+ Kg7 28. Rg3 Rh8 29. h4 Qe7 30. Rd1 h5 31. Nxh5+ Rxh5 32. Qf6+ 
Qxf6 33. exf6+ Kxf6 34. Rf3+ Kg7 35. Rf4 g5 36. hxg5 Rxg5 37. Rd6 a5 38. 
Rb6 c4 39. Rd4 Kg6 40. Rd8 Kh5 41. Rdb8 Kg4 42. Rxb5 Kf4 43. Rxg5 Kxg5 44.
 Rb5+ f5 45. Rxa5 Kf4 46. Rc5 Bf7 47. a4 Kg5 48. a5 Kf6 49. f4 Be6 50. a6 
Kf7 51. a7 Ke7 52. a8=Q 1-0

[Event "Summer Server Series, S91128"]
[Site "CCLA"]
[Date "2019.08.24"]
[Round "?"]
[White "Williams, Rufus H."]
[Black "Jimenez, Jose"]
[Result "1-0"]
[WhiteElo "1296"]
[BlackElo "1163"]

1. d4 d5 2. c4 e6 3. Nc3 c6 4. a3 b6 5. b4 dxc4 6. e4 Bd6 7. Bxc4 Bd7 8. 
Nf3 b5 9. Bb3 f6 10. O-O Ne7 11. Re1 e5 12. dxe5 fxe5 13. Ng5 Qb6 14. Qxd6
h6 15. Qxe5 Rf8 16. Be3 Qa6 17. Bc5 hxg5 18. Qxe7# 1-0

[Event "Summer Server Series, S91128"]
[Site "CCLA"]
[Date "2019.08.24"]
[Round "?"]
[White "Williams, Rufus H."]
[Black "Grandi, Cody"]
[Result "0-1"]
[WhiteElo "1296"]
[BlackElo "1241"]

1. e4 c5 2. Nf3 e6 3. d4 cxd4 4. Nxd4 Nf6 5. Nd2 d5 6. e5 Nfd7 7. N2f3 Nc6
8. c3 Ndxe5 9. Nxe5 Nxe5 10. Bb5+ Bd7 11. Nxe6 fxe6 12. Qh5+ Nf7 13. Bxd7+
Qxd7 14. O-O Bd6 15. Re1 O-O 16. b3 e5 17. Qd1 e4 18. Qxd5 Bxh2+ 19. Kxh2 
Qxd5 20. Bf4 Qh5+ 21. Kg1 Qg4 22. Rxe4 Ne5 23. Rxe5 Qxf4 24. Re2 Rae8 25. 
Rxe8 Rxe8 26. Rf1 Re5 27. c4 Rh5 28. f3 Qh2+ 29. Kf2 Qh4+ 30. Kg1 Qd4+ 31.
 Rf2 Qa1+ 32. Rf1 Qxa2 0-1

[Event "Summer Server Series, S91128"]
[Site "CCLA"]
[Date "2019.08.24"]
[Round "?"]
[White "Czeizinger, Thomas"]
[Black "Selby, Robin"]
[Result "1-0"]
[WhiteElo "1193"]
[BlackElo "1125"]

1. d4 d5 2. Bg5 h6 3. Bh4 Nf6 4. Nf3 Nc6 5. e3 e6 6. Nc3 g5 7. Bg3 Be7 8. 
e4 dxe4 9. Ne5 O-O 10. Ng4 Nh7 11. Nxe4 f5 12. Nxh6+ Kg7 13. Be5+ Kxh6 14.
 Nc3 Nxe5 15. dxe5 Qxd1+ 16. Rxd1 g4 17. h3 g3 18. f4 b6 19. Bc4 a6 20. 
O-O Bb7 21. Bxe6 Bc5+ 22. Kh1 Kg6 23. Rd7 Rac8 24. Rd3 Rce8 25. Rxg3+ Kh5 
26. Bd5 Bxd5 27. Nxd5 c6 28. Rg7 Rh8 29. Nf6+ Nxf6 30. exf6 Ref8 31. g4+ 
fxg4 32. hxg4+ Kh4 33. Kg2 Rxf6 34. Rh1# 1-0

[Event "Summer Server Series, S91128"]
[Site "CCLA"]
[Date "2019.08.24"]
[Round "?"]
[White "Czeizinger, Thomas"]
[Black "Jimenez, Jose"]
[Result "0-1"]
[WhiteElo "1193"]
[BlackElo "1163"]

1. d4 d5 2. Bg5 h6 3. Bh4 g5 4. Bg3 Nc6 5. e3 Bf5 6. Nc3 e6 7. h4 Nb4 8. 
Bb5+ c6 9. Ba4 b5 10. Bb3 g4 11. Be5 f6 12. Bf4 Bd6 13. Qe2 h5 14. Bxd6 
Qxd6 15. O-O-O Ne7 16. a3 Na6 17. g3 c5 18. Nxb5 Qb6 19. c4 Nc6 20. Nd6+ 
Kd7 21. Nxf5 Qxb3 22. Qd3 Na5 23. Qxb3 Nxb3+ 24. Kc2 Rab8 25. Ng7 cxd4 26.
 exd4 dxc4 27. f4 Rbg8 28. Nxe6 Kxe6 29. d5+ Kf7 30. Ne2 Nac5 31. Nd4 Ne4 
32. Rhe1 Nxg3 33. Re6 Nxd4+ 34. Rxd4 Rc8 35. Kd2 Nf5 36. Rde4 g3 37. Ke1 
c3 38. bxc3 Rxc3 39. Ra6 Nxh4 40. Rxa7+ Kg6 41. a4 Nf3+ 42. Ke2 g2 43. f5+
Kxf5 44. Rg7 g1=Q 45. Rxg1 Nxg1+ 46. Kd2 Kxe4 0-1

[Event "Summer Server Series, S91128"]
[Site "CCLA"]
[Date "2019.08.24"]
[Round "?"]
[White "Czeizinger, Thomas"]
[Black "Grandi, Cody"]
[Result "1-0"]
[WhiteElo "1193"]
[BlackElo "1241"]

1. d4 Nf6 2. g3 g6 3. Bg2 d6 4. e3 Nc6 5. Nc3 Bg7 6. Nf3 Be6 7. O-O Bc4 8.
 Re1 O-O 9. Nd2 Be6 10. d5 Nxd5 11. Nxd5 Qd7 12. Ne4 Bxd5 13. Qxd5 Rab8 
14. Ng5 e6 15. Qd3 d5 16. e4 Ne5 17. Qd4 Nf3+ 18. Nxf3 Bxd4 19. Nxd4 dxe4 
20. Be3 f5 21. Bf1 c5 22. Nb5 a6 23. Red1 Qg7 24. Nd6 Qxb2 25. Rdc1 b5 26.
 c3 c4 27. Bh6 Rfd8 28. Bf4 g5 29. Rab1 gxf4 30. Rxb2 {Black forfeited} 1-0

[Event "Summer Server Series, S91128"]
[Site "CCLA"]
[Date "2019.08.24"]
[Round "?"]
[White "Selby, Robin"]
[Black "Williams, Rufus H."]
[Result "0-1"]
[WhiteElo "1125"]
[BlackElo "1296"]

1. d4 d5 2. Nf3 Nf6 3. Nc3 Bf5 4. e3 e6 5. Bb5+ c6 6. Bd3 Bxd3 7. Qxd3 Bd6
8. O-O O-O 9. Ng5 Qc7 10. Re1 Bxh2+ 11. Kf1 Nbd7 12. Nf3 a6 13. Ke2 Bd6 
14. Kd1 b5 15. Bd2 b4 16. Ne2 a5 17. Kc1 Rab8 18. Rh1 Rfe8 19. b3 Nf8 20. 
Rh3 e5 21. Ng5 e4 22. Qa6 Ra8 23. Qxa8 Rxa8 24. Rh4 Qc8 25. Kb2 Qa6 26. 
Re1 a4 27. Ng3 axb3 28. Ra1 Qa3+ 29. Kb1 bxa2+ 30. Rxa2 Qxa2+ 0-1

[Event "Summer Server Series, S91128"]
[Site "CCLA"]
[Date "2019.08.24"]
[Round "?"]
[White "Selby, Robin"]
[Black "Czeizinger, Thomas"]
[Result "1-0"]
[WhiteElo "1125"]
[BlackElo "1193"]

1. e4 c5 2. Nf3 e6 3. Nc3 Nc6 4. d3 g6 5. e5 f5 6. Bg5 Qa5 7. Bd2 b5 8. 
Be2 b4 9. Nb1 d5 10. O-O Ba6 11. Ng5 Bc8 12. a3 Nge7 13. Nf3 Bg7 14. c3 b3
15. Qxb3 O-O 16. c4 Rb8 17. Qc2 Nxe5 18. Bxa5 Ng4 19. Bc3 d4 20. h3 dxc3 
21. Nxc3 Nc6 22. hxg4 fxg4 23. Nh2 Bd4 24. Nxg4 e5 25. Nd5 Bf5 26. Nh2 
Rxb2 27. Qa4 Rc8 28. Qa6 Rxe2 29. Qb7 Bb2 30. Ra2 Rb8 31. Qxc6 Bxd3 32. 
Qe6+ Kg7 33. Qe7+ Kh6 34. Qh4+ Kg7 35. Qe7+ 1-0

[Event "Summer Server Series, S91128"]
[Site "CCLA"]
[Date "2019.08.24"]
[Round "?"]
[White "Selby, Robin"]
[Black "Jimenez, Jose"]
[Result "1/2-1/2"]
[WhiteElo "1125"]
[BlackElo "1163"]

1. e4 e5 2. Nf3 Nf6 3. Nc3 d6 4. Bc4 Nc6 5. O-O h6 6. Re1 a6 7. a3 d5 8. 
Ba2 d4 9. Nd5 Bc5 10. Nxf6+ Qxf6 11. c3 O-O 12. b4 Bb6 13. Bb2 Bg4 14. h3 
Bxf3 15. Qxf3 dxc3 16. Bxc3 Bd4 17. Bxd4 Nxd4 18. Qxf6 gxf6 19. Rac1 c6 
20. Re3 a5 21. Rg3+ Kh7 22. Re1 Nc2 23. Rc1 Nxa3 24. Rcc3 Nb5 25. Rc1 axb4
26. Bc4 Na3 27. Be2 b3 28. Rxb3 Rfd8 29. Rxb7 Rxd2 30. Bh5 Rc8 31. Rxf7+ 
Kg8 32. Rxf6 Kg7 33. Rf7+ Kg8 34. Rf6 c5 35. Bf7+ Kg7 36. Rf5 Nb5 37. Be6 
Rc7 38. Rxe5 Nd4 39. Bg4 c4 40. Kh2 Rxf2 41. Rc3 Nc2 42. Kg1 Rd2 43. Rf5 
Nd4 44. Rd5 Ne2+ 45. Bxe2 Rxe2 46. Kf1 Rxe4 1/2-1/2

[Event "Summer Server Series, S91128"]
[Site "CCLA"]
[Date "2019.08.24"]
[Round "?"]
[White "Selby, Robin"]
[Black "Grandi, Cody"]
[Result "0-1"]
[WhiteElo "1125"]
[BlackElo "1241"]

1. e4 c5 2. Nc3 Nc6 3. Nf3 d6 4. Bb5 e5 5. O-O Nf6 6. Bxc6+ bxc6 7. Re1 
Bg4 8. d3 Rb8 9. h3 Bh5 10. b3 d5 11. exd5 cxd5 12. Rxe5+ Be7 13. Bb2 d4 
14. Nb5 Rxb5 15. a4 Rb8 16. Ba3 O-O 17. Nh2 Bxd1 18. Rxd1 Qc7 19. Rde1 Bd6
20. f4 Bxe5 21. fxe5 Rfe8 22. Nf3 Nd5 23. Bc1 f6 24. Bd2 fxe5 25. g3 e4 
26. dxe4 Qxg3+ 27. Kf1 Qxf3+ 28. Kg1 Qg3+ 29. Kf1 Qxh3+ 30. Ke2 Rxe4+ 31. 
Kd1 Rxe1+ 32. Bxe1 Nc3+ 33. Kc1 Qf1 34. Kd2 Qe2+ 35. Kc1 Qd1+ 36. Kb2 Qxe1
0-1

[Event "Summer Server Series, S91128"]
[Site "CCLA"]
[Date "2019.08.24"]
[Round "?"]
[White "Jimenez, Jose"]
[Black "Williams, Rufus H."]
[Result "0-1"]
[WhiteElo "1163"]
[BlackElo "1296"]

1. d4 d5 2. Nc3 c6 3. Bf4 Bf5 4. Nf3 Nf6 5. h3 e6 6. e3 Qb6 7. Na4 Qd8 8. 
c3 Nbd7 9. g4 Bg6 10. Qb3 Qc8 11. O-O-O Be7 12. Ne5 Nxe5 13. dxe5 Ne4 14. 
Qc2 O-O 15. c4 Nc5 16. Nxc5 Bxc2 17. Kxc2 Bxc5 18. a3 a5 19. h4 g6 20. h5 
Kh8 21. Bd3 Rg8 22. g5 Qe8 23. h6 a4 24. Rde1 Rb8 25. Ra1 b5 26. b4 Ba7 
27. c5 Rd8 28. f3 Bb8 29. e4 dxe4 30. Bxe4 Ba7 31. Rhd1 Rxd1 32. Rxd1 Qc8 
33. Rd6 Rd8 34. Rxd8+ Qxd8 35. Bxc6 Qb8 36. Be4 Kg8 37. Be3 Qxe5 38. f4 
Qxe4+ 39. Kd2 Kf8 40. c6 Bxe3+ 41. Kc3 Qc4+ 42. Kb2 Qc1+ 43. Ka2 Bd4 0-1

[Event "Summer Server Series, S91128"]
[Site "CCLA"]
[Date "2019.08.24"]
[Round "?"]
[White "Jimenez, Jose"]
[Black "Czeizinger, Thomas"]
[Result "1/2-1/2"]
[WhiteElo "1163"]
[BlackElo "1193"]

1. d4 Nf6 2. Nf3 e6 3. Nc3 d5 4. e3 Bb4 5. a3 Ba5 6. b4 Bb6 7. Ne5 O-O 8. 
Bd3 c6 9. O-O Nbd7 10. e4 Bxd4 11. Nxd7 Qxd7 12. Qd2 dxe4 13. Bc4 Nd5 14. 
Qxd4 Nf4 15. Qxe4 Ng6 16. b5 f5 17. Bxe6+ Qxe6 18. Qxe6+ Bxe6 1/2-1/2

[Event "Summer Server Series, S91128"]
[Site "CCLA"]
[Date "2019.08.24"]
[Round "?"]
[White "Jimenez, Jose"]
[Black "Selby, Robin"]
[Result "1-0"]
[WhiteElo "1163"]
[BlackElo "1125"]

1. d4 d5 2. Nc3 Nf6 3. Bf4 Nc6 4. Nf3 g6 5. e3 Bg7 6. Bd3 O-O 7. O-O Re8 
8. Bb5 Bd7 9. Ne5 Nxe5 10. dxe5 Ne4 11. Qxd5 Nxc3 12. bxc3 e6 13. Qxd7 
Qxd7 14. Bxd7 Red8 15. Rad1 Bf8 16. Bg5 Rdb8 17. Bf6 a6 18. c4 h6 19. f4 
Bg7 20. Bxg7 Kxg7 21. c5 Rd8 22. h4 b5 23. Bc6 Rab8 24. Rd7 Rdc8 25. g4 b4
26. Be4 Kf8 27. f5 Ke8 28. Rfd1 a5 29. fxg6 Rd8 30. Bc6 Rdc8 31. Rxf7# 1-0

[Event "Summer Server Series, S91128"]
[Site "CCLA"]
[Date "2019.08.24"]
[Round "?"]
[White "Jimenez, Jose"]
[Black "Grandi, Cody"]
[Result "0-1"]
[WhiteElo "1163"]
[BlackElo "1241"]

1. d4 d5 2. Nc3 Nf6 3. f3 e6 4. Bf4 c5 5. Nb5 Qa5+ 6. c3 Qxb5 7. b3 Nc6 8.
 e3 Qa5 9. b4 cxb4 10. cxb4 Nxb4 11. Kd2 Nxa2+ 12. Kc2 Qa4+ 13. Kd2 Bb4+ 
14. Ke2 Nc3+ 15. Kd3 Qxd1+ 16. Rxd1 Nxd1 17. Kc2 Nc3 18. Kb3 a5 19. Ne2 
a4+ 20. Kc2 Nb5 21. Nc1 Bd7 22. Nd3 a3 23. Ne5 Nxd4+ 24. exd4 a2 25. Bd3 
a1=Q 26. Rxa1 Rxa1 27. Kb3 Bd6 28. Kb2 Ra4 29. g4 Rxd4 30. g5 Nh5 31. Be3 
Bxe5 32. Bxd4 Bxd4+ 33. Kb3 Nf4 0-1

[Event "Summer Server Series, S91128"]
[Site "CCLA"]
[Date "2019.08.24"]
[Round "?"]
[White "Grandi, Cody"]
[Black "Williams, Rufus H."]
[Result "0-1"]
[WhiteElo "1241"]
[BlackElo "1296"]

1. c4 Nf6 2. d4 e6 3. Nf3 Bb4+ 4. Bd2 Bxd2+ 5. Qxd2 O-O 6. g3 d5 7. Nc3 c6
8. c5 a6 9. Qc2 b6 10. cxb6 Qxb6 11. Qd2 Nbd7 12. e3 Re8 13. Bd3 e5 14. 
O-O e4 15. Na4 Qd8 16. Be2 Rb8 17. Nh4 g6 18. Rfc1 Re6 19. Kg2 Bb7 20. b4 
Kg7 21. Rab1 Kg8 22. a3 Kg7 23. Nc5 Nxc5 24. bxc5 Kg8 25. Rb2 Re8 26. Rcb1
Qc7 27. a4 Kg7 28. a5 Kg8 29. Qc3 Kg7 30. Rb6 Qd7 31. f3 Qc7 32. f4 Red8 
33. g4 h6 {White forfeited} 0-1

[Event "Summer Server Series, S91128"]
[Site "CCLA"]
[Date "2019.08.24"]
[Round "?"]
[White "Grandi, Cody"]
[Black "Czeizinger, Thomas"]
[Result "1-0"]
[WhiteElo "1241"]
[BlackElo "1193"]

1. e4 c5 2. Nf3 e6 3. Be2 Nc6 4. O-O Nf6 5. Nc3 d5 6. exd5 exd5 7. d4 cxd4
8. Nxd4 Nxd4 9. Qxd4 Be7 10. Bg5 h6 11. Bb5+ Bd7 12. Bxf6 Bxf6 13. Qc5 Rc8
14. Rae1+ Be7 15. Rxe7+ Qxe7 16. Qxc8+ Qd8 17. Qc5 b6 18. Re1+ Qe7 19. 
Qxe7# 1-0

[Event "Summer Server Series, S91128"]
[Site "CCLA"]
[Date "2019.08.24"]
[Round "?"]
[White "Grandi, Cody"]
[Black "Jimenez, Jose"]
[Result "1-0"]
[WhiteElo "1241"]
[BlackElo "1163"]

1. e4 e5 2. Nf3 Nf6 3. Nxe5 Nxe4 4. Qe2 d5 5. d3 Bc5 6. dxe4 O-O 7. Be3 d4
8. Bf4 Bb4+ 9. c3 dxc3 10. Nxc3 f6 11. Qc4+ Kh8 12. Nf7+ Rxf7 13. Qxf7 Qg8
14. Qxg8+ Kxg8 15. Bc4+ Kf8 16. O-O-O 1-0

[Event "Summer Server Series, S91128"]
[Site "CCLA"]
[Date "2019.08.24"]
[Round "?"]
[White "Grandi, Cody"]
[Black "Selby, Robin"]
[Result "0-1"]
[WhiteElo "1241"]
[BlackElo "1125"]

1. d4 d5 2. Nf3 Nf6 3. e3 Bg4 4. c4 Nc6 5. Nc3 e5 6. dxe5 Ne4 7. cxd5 Nxe5
8. Qa4+ c6 9. Qxe4 Qd6 10. Qxe5+ Qxe5 11. Nxe5 Bf5 12. e4 Bc8 13. dxc6 
bxc6 14. Bc4 Be6 15. Bxe6 fxe6 16. Nxc6 Rc8 17. Nxa7 Rc7 18. Nab5 Rd7 19. 
Be3 Bb4 20. O-O O-O 21. Rfd1 Rdf7 22. Rac1 h5 23. a3 Ba5 24. b4 Bd8 25. 
Nd6 Rf6 26. e5 Rg6 27. Nce4 Be7 28. a4 h4 29. Rc7 Bd8 30. Rd7 h3 31. g3 
Kh7 32. Nf7 Rg4 33. f3 Kg6 34. fxg4 Rxf7 35. Rxd8 Rf3 36. Bg5 Rb3 37. b5 
Rb2 38. Be3 Rb4 {White forfeited} 0-1

[Event "Fall Server Series, S91131"]
[Site "CCLA"]
[Date "2019.11.23"]
[Round "?"]
[White "Haase, F. Philip"]
[Black "Shannon, Paul D."]
[Result "1-0"]
[WhiteElo "2127"]
[BlackElo "1874"]

1. e4 e6 2. d4 d5 3. e5 c5 4. c3 Nc6 5. Nf3 Bd7 6. a3 c4 7. Be2 f6 8. O-O 
Qc7 9. Bf4 O-O-O 10. Nbd2 h6 11. h4 g5 12. Bg3 gxh4 13. Bxh4 Be7 14. Bg3 
f5 15. b3 cxb3 16. c4 b2 17. Ra2 Be8 18. cxd5 exd5 19. Qc2 Bg6 20. Rb1 h5 
21. Bf4 Nh6 22. Raxb2 h4 23. Rxb7 Qxb7 24. Rxb7 Kxb7 25. Ba6+ Kb6 26. Qd3 
Kc7 27. Qb5 Rb8 28. Qxd5 Rhd8 29. Qc4 1-0

[Event "Fall Server Series, S91131"]
[Site "CCLA"]
[Date "2019.11.23"]
[Round "?"]
[White "Haase, F. Philip"]
[Black "Hey, Brian"]
[Result "1-0"]
[WhiteElo "2127"]
[BlackElo "1959"]

1. e4 e5 2. Nf3 Nc6 3. d4 exd4 4. Nxd4 Nf6 5. Nxc6 bxc6 6. e5 Qe7 7. Qe2 
Nd5 8. c4 Ba6 9. b3 g6 10. Nd2 Bg7 11. Bb2 O-O 12. O-O-O Rfe8 13. Nf3 Nb6 
14. Qd2 c5 15. Bd3 Bb7 16. h4 Bxf3 17. gxf3 Bxe5 18. f4 Bxb2+ 19. Qxb2 f5 
20. Bxf5 Rf8 21. Bc2 Rxf4 22. h5 Qg5 23. hxg6 Rd4+ 24. Kb1 Rxd1+ 25. Rxd1 
hxg6 26. f4 Qg2 27. Qe5 1-0

[Event "Fall Server Series, S91131"]
[Site "CCLA"]
[Date "2019.11.23"]
[Round "?"]
[White "Shannon, Paul D."]
[Black "Haase, F. Philip"]
[Result "0-1"]
[WhiteElo "1874"]
[BlackElo "2127"]

1. e4 c5 2. Nc3 Nc6 3. f4 e6 4. Nf3 d5 5. Bb5 Ne7 6. O-O d4 7. Ne2 a6 8. 
Bxc6+ Nxc6 9. d3 Be7 10. c3 dxc3 11. bxc3 O-O 12. Qe1 Qxd3 13. Ng3 b6 14. 
Bb2 a5 15. Rd1 Qc4 16. a3 Ba6 17. Rf2 Rfd8 18. Rfd2 Rxd2 19. Rxd2 Rd8 20. 
Rxd8+ Bxd8 21. Qd2 Qd3 22. Qc1 Bc7 23. Ne1 Qb5 24. e5 g5 25. Nf3 gxf4 26. 
Nh5 Nxe5 27. Nxe5 Bxe5 28. g3 fxg3 29. Qg5+ Kf8 30. Qd8+ Qe8 0-1

[Event "Fall Server Series, S91131"]
[Site "CCLA"]
[Date "2019.11.23"]
[Round "?"]
[White "Shannon, Paul D."]
[Black "Hey, Brian"]
[Result "1/2-1/2"]
[WhiteElo "1874"]
[BlackElo "1959"]

1. e4 e5 2. Nf3 Nc6 3. Bb5 a6 4. Ba4 Nf6 5. O-O Bc5 6. c3 b5 7. Bc2 d5 8. 
d4 dxe4 9. Nxe5 Nxe5 10. dxe5 Qxd1 11. Rxd1 Ng4 12. Bxe4 Rb8 13. Bc6+ Ke7 
14. Bg5+ Ke6 15. Bh4 Nxe5 16. Bd5+ Kf5 17. Nd2 Bb7 18. Nb3 Bd6 19. Nd4+ 
Kg6 20. Bb3 f6 21. Bc2+ Kf7 22. Nf5 Bc5 23. Bg3 Rbd8 24. b4 Bb6 25. Bb3+ 
Kg6 26. Ne7+ Kh6 27. Bf4+ g5 28. Be3 Bxe3 29. Nf5+ Kg6 30. Nxe3 Rd6 31. 
Bc2+ Kf7 32. Nf5 Rd7 33. Rxd7+ Nxd7 34. Rd1 Ne5 35. Bb3+ Ke8 36. f3 Bc8 
37. Ng3 Ke7 38. Ne4 Bf5 1/2-1/2

[Event "Fall Server Series, S91131"]
[Site "CCLA"]
[Date "2019.11.23"]
[Round "?"]
[White "Shannon, Paul D."]
[Black "Stevens, Daniel L."]
[Result "1-0"]
[WhiteElo "1874"]
[BlackElo "1800"]

1. e4 d6 2. d4 Nd7 3. f4 c6 4. Nf3 e5 5. Nc3 Ngf6 6. Bd3 Be7 7. O-O O-O 8.
 fxe5 dxe5 9. Ne2 exd4 10. Nexd4 g6 11. Qe1 Nc5 12. Bh6 Re8 13. Rd1 Nxd3 
14. Rxd3 Qc7 15. Ng5 Qe5 16. c3 Ng4 17. Ngf3 Qh5 18. Bf4 a6 19. h3 Nf6 20.
 Ng5 c5 21. Ne2 c4 22. Rd1 Bc5+ 23. Nd4 Nd5 24. g4 Bxg4 25. hxg4 Qxg4+ 26.
 Qg3 Qxg3+ 27. Bxg3 Ne3 28. Rde1 Nxf1 29. Kxf1 Re7 30. e5 Rae8 31. Ne4 Kh8
32. Nxc5 f6 33. e6 h5 34. Bd6 1-0

[Event "Fall Server Series, S91131"]
[Site "CCLA"]
[Date "2019.11.23"]
[Round "?"]
[White "Hey, Brian"]
[Black "Haase, F. Philip"]
[Result "0-1"]
[WhiteElo "1959"]
[BlackElo "2127"]

1. d4 d5 2. c4 e6 3. Nc3 c5 4. cxd5 exd5 5. Nf3 Nc6 6. g3 Nf6 7. Bg2 cxd4 
8. Nxd4 Bc5 9. Nb3 Bb6 10. O-O d4 11. Na4 O-O 12. Bg5 h6 13. Nxb6 axb6 14.
 Bxc6 bxc6 15. Bxf6 Qxf6 16. Qxd4 Qxd4 17. Nxd4 c5 18. Nf3 Re8 19. e3 Rd8 
20. a3 Bb7 21. Ne5 f6 22. Nc4 b5 23. Rac1 bxc4 24. f4 Rd3 25. Rxc4 Rd2 26.
 Rfc1 Rg2+ 27. Kf1 Rxb2 28. Rxc5 Rxh2 29. Rc7 Rxa3 0-1

[Event "Fall Server Series, S91131"]
[Site "CCLA"]
[Date "2019.11.23"]
[Round "?"]
[White "Hey, Brian"]
[Black "Shannon, Paul D."]
[Result "0-1"]
[WhiteElo "1959"]
[BlackElo "1874"]

1. d4 e5 2. dxe5 Nc6 3. Nf3 Qe7 4. Bg5 Qc5 5. Be3 Qb4+ 6. Nc3 Qxb2 7. Bd2 
Bb4 8. Rb1 Qa3 9. Nd5 Ba5 10. Rb5 Bxd2+ 11. Qxd2 Kd8 12. Ng5 Nh6 13. f4 
Qxa2 14. e4 Qa1+ 15. Kf2 Qd4+ 16. Qxd4 Nxd4 17. Rc5 c6 18. Ne3 b6 19. Rc3 
Ne6 20. Nh3 b5 21. g4 a5 22. g5 Ng8 23. f5 Nc7 24. Nf4 Ne7 25. Be2 h6 26. 
g6 fxg6 27. f6 gxf6 28. exf6 Rg8 29. Rg1 b4 30. fxe7+ Kxe7 31. Nxg6+ Kd8 
32. Rc5 Ne6 33. Rh5 Ng5 34. Rxh6 Nxe4+ 35. Kf3 d5 36. Rh8 Rxh8 37. Nxh8 
Kc7 38. Rg7+ Kb6 39. Rg6 Kc5 40. Rg1 a4 41. Ng6 Ba6 42. Ne5 Rf8+ 0-1

[Event "Fall Server Series, S91131"]
[Site "CCLA"]
[Date "2019.11.23"]
[Round "?"]
[White "Hey, Brian"]
[Black "Stevens, Daniel L."]
[Result "1-0"]
[WhiteElo "1959"]
[BlackElo "1800"]

1. d4 Nf6 2. c4 c5 3. d5 b5 4. Qc2 g6 5. e4 bxc4 6. Bxc4 d6 7. Nf3 Bg7 8. 
O-O Nbd7 9. h3 O-O 10. Re1 Nb6 11. Bf1 Nfd7 12. Nc3 Bb7 13. Bg5 Re8 14. a4
a5 15. Bb5 Qc7 16. Qd2 f6 17. Bh6 Rf8 18. Bxg7 Kxg7 19. Ne2 Ne5 20. Nh2 
Ba6 21. Bxa6 Rxa6 22. Nf4 Qb7 23. Ne6+ Kg8 24. Qh6 Rf7 25. Nd8 Qc8 26. 
Nxf7 Nxf7 27. Qd2 Nd7 28. f4 Ra8 29. Nf3 Qb7 30. Qc3 Qb6 31. Nd2 h6 32. 
Ra3 Qa7 33. Nc4 Nb6 34. Nxb6 Qxb6 35. Rb3 Qa7 36. Rb5 Kf8 37. Qb3 Rc8 38. 
Rb7 c4+ 39. Rxa7 1-0

[Event "Fall Server Series, S91131"]
[Site "CCLA"]
[Date "2019.11.23"]
[Round "?"]
[White "Stevens, Daniel L."]
[Black "Haase, F. Philip"]
[Result "0-1"]
[WhiteElo "1800"]
[BlackElo "2127"]

1. e4 c5 2. Nf3 d6 3. d4 cxd4 4. Nxd4 g6 5. Nc3 Bg7 6. Be3 Nf6 7. f3 O-O 
8. Qd2 Nc6 9. Bc4 Ne5 10. Bb3 Bd7 11. Bh6 Bxh6 12. Qxh6 Rc8 13. h4 Qa5 14.
 Ne2 Be6 15. O-O Qc5+ 16. Kh2 Nfg4+ 0-1

[Event "Fall Server Series, S91131"]
[Site "CCLA"]
[Date "2019.11.23"]
[Round "?"]
[White "Stevens, Daniel L."]
[Black "Hey, Brian"]
[Result "1-0"]
[WhiteElo "1800"]
[BlackElo "1959"]

1. e4 e5 2. f4 exf4 3. Nf3 g5 4. h4 g4 5. Ne5 d6 6. Nxg4 Be7 7. d4 Bxh4+ 
8. Nf2 Qg5 9. Qf3 Nc6 10. c3 Bg4 11. Qxf4 Qh5 12. g3 Bd7 13. Qxh4 Qg6 14. 
Qg5 1-0

[Event "Fall Server Series, S91131"]
[Site "CCLA"]
[Date "2019.11.23"]
[Round "?"]
[White "Stevens, Daniel L."]
[Black "Shannon, Paul D."]
[Result "0-1"]
[WhiteElo "1800"]
[BlackElo "1874"]

1. e4 e6 2. d4 d5 3. Nc3 Bb4 4. e5 c5 5. a3 Bxc3+ 6. bxc3 Ne7 7. Qg4 Qc7 
8. Qxg7 Rg8 9. Qxh7 cxd4 10. Ne2 Nbc6 11. f4 dxc3 12. h4 Bd7 13. h5 O-O-O 
14. Qd3 Nf5 15. Rb1 d4 16. Rg1 Rh8 17. g4 Nfe7 18. Ng3 Kb8 19. Ne4 Nc8 20.
 Nc5 Nb6 21. Ne4 Nc8 22. Nf6 Be8 23. Qe4 N8e7 24. g5 Nd5 25. Nxe8 Rdxe8 
26. h6 Nde7 27. a4 Nf5 28. Bb5 Kc8 29. Ba3 a6 30. Bd3 Qa5 31. Ke2 Qxa4 32.
 Bc5 Qa2 33. Ra1 Qxa1 34. Rxa1 Ng3+ 35. Kf3 Nxe4 36. Bxe4 Kd7 37. Kg4 Rc8 
{White forfeits} 0-1

[Event "Fall Server Series, S91131"]
[Site "CCLA"]
[Date "2019.11.23"]
[Round "?"]
[White "Haase, F. Philip"]
[Black "Stevens, Daniel L."]
[Result "1-0"]
[WhiteElo "2127"]
[BlackElo "1800"]

1. e4 d6 2. d4 Nd7 3. Nc3 e5 4. Nf3 c6 5. a4 a5 6. dxe5 dxe5 7. Bc4 Be7 8.
 Ng5 Bxg5 9. Qh5 Qe7 10. Qxg5 Qxg5 11. Bxg5 Ngf6 12. f3 Nc5 13. Be3 Ne6 
14. O-O-O Bd7 15. b3 O-O 16. g4 Rfd8 17. g5 Ne8 18. Bb6 N8c7 19. h4 Kf8 
20. Ne2 Ke7 21. Ng3 g6 22. Nf1 Rdc8 23. Ne3 Nd8 24. Bc5+ Ke8 25. Rxd7 Kxd7
26. Rd1+ Nd5 27. Rxd5+ cxd5 28. Bb5+ Kc7 29. exd5 b6 30. Be7 Nb7 31. Nc4 
Rd8 32. Bc6 Rac8 33. Bf6 Re8 34. Bxe8 Rxe8 35. Bxe5+ Kd8 36. f4 Nc5 37. 
Nxb6 Nd7 38. Nxd7 Kxd7 39. c4 Ra8 40. c5 {Black forfeits} 1-0

[Event "Fall Server Series, S91132"]
[Site "CCLA"]
[Date "2019.11.23"]
[Round "?"]
[White "Thommen, John"]
[Black "Anderson, Clarence"]
[Result "1/2-1/2"]
[WhiteElo "1839"]
[BlackElo "1871"]

1. d4 Nf6 2. c4 c5 3. d5 b5 4. Nf3 g6 5. Qc2 b4 6. e4 d6 7. Bd3 Bg7 8. h3 
O-O 9. O-O Nbd7 10. Be3 a5 11. a3 Bb7 12. axb4 axb4 13. Nbd2 Qc7 14. Nb3 
Nb6 15. e5 Nfd7 16. exd6 exd6 17. Nbd2 Ne5 18. Nxe5 Bxe5 19. f4 Bg7 20. f5
Rxa1 21. Rxa1 Qe7 22. Bf4 Bc8 23. Ne4 Rd8 24. fxg6 hxg6 25. Re1 Qf8 26. b3
Bf5 27. Ng5 Bxd3 28. Qxd3 Nd7 29. Ne4 Be5 30. Bxe5 Nxe5 31. Qg3 Kg7 32. 
Nxc5 Nxc4 33. Nd3 Ne5 34. Nxe5 dxe5 35. Qxe5+ Kg8 36. Rd1 Qc5+ 37. Qd4 
Rxd5 38. Qxc5 Rxc5 39. Rd8+ Kg7 40. Rb8 Rc2 41. Rxb4 1/2-1/2